[Event "European Chess Club Cup 2023"]
[Site "Durres, Albania"]
[Date "2023.10.01"]
[Round "1.6"]
[White "Kundin, Alexander"]
[Black "Lupulescu, Constantin"]
[Result "0-1"]
[TimeControl "90' + 30' & 30\""]
[WhiteElo "2267"]
[BlackElo "2581"]

1. e4 {[%clk 01:30:56]} {[%emt 00:00:02]} c5 {[%clk 01:30:54]} {[%emt
00:00:06]} 2. Nc3 {[%clk 01:31:14]} {[%emt 00:00:13]} Nc6 {[%clk 01:30:56]}
{[%emt 00:00:28]} 3. Nge2 {[%clk 01:31:33]} {[%emt 00:00:11]} Nf6 {[%clk
01:30:21]} {[%emt 00:01:04]} 4. d4 {[%clk 01:31:46]} {[%emt 00:00:17]} cxd4
{[%clk 01:30:45]} {[%emt 00:00:06]} 5. Nxd4 {[%clk 01:32:15]} {[%emt 00:00:01]}
d6 {[%clk 01:30:51]} {[%emt 00:00:24]} 6. Bc4 {[%clk 01:31:12]} {[%emt
00:01:34]} e6 {[%clk 01:31:04]} {[%emt 00:00:17]} 7. O-O {[%clk 01:31:27]}
{[%emt 00:00:16]} a6 {[%clk 01:29:07]} {[%emt 00:02:25]} 8. f4 {[%clk
01:25:23]} {[%emt 00:06:34]} d5 {[%clk 01:19:34]} {[%emt 00:10:04]} 9. exd5
{[%clk 01:21:23]} {[%emt 00:04:30]} exd5 {[%clk 01:18:44]} {[%emt 00:01:20]} 10.
Re1+ {[%clk 01:17:07]} {[%emt 00:04:46]} Be7 {[%clk 01:17:57]} {[%emt
00:01:21]} 11. Bb3 {[%clk 01:14:19]} {[%emt 00:03:13]} O-O {[%clk 01:14:41]}
{[%emt 00:03:47]} 12. Be3 {[%clk 00:53:50]} {[%emt 00:20:59]} Re8 {[%clk
00:55:38]} {[%emt 00:19:34]} 13. Bf2 {[%clk 00:52:42]} {[%emt 00:01:37]} Ng4
{[%clk 00:33:00]} {[%emt 00:23:08]} 14. Nxd5 {[%clk 00:42:36]} {[%emt
00:10:36]} Bc5 {[%clk 00:32:35]} {[%emt 00:00:55]} 15. Rxe8+ {[%clk 00:34:51]}
{[%emt 00:08:15]} Qxe8 {[%clk 00:32:19]} {[%emt 00:00:46]} 16. Qe1 {[%clk
00:18:04]} {[%emt 00:17:16]} Bd7 {[%clk 00:25:11]} {[%emt 00:07:38]} 17. c3
{[%clk 00:16:46]} {[%emt 00:01:49]} Qxe1+ {[%clk 00:23:18]} 18. Rxe1 {[%clk
00:15:45]} {[%emt 00:03:54]} Re8 {[%clk 00:15:03]} {[%emt 00:08:45]} 19. Rd1
{[%clk 00:08:58]} {[%emt 00:07:17]} Be6 {[%clk 00:08:51]} {[%emt 00:06:42]} 20.
h3 {[%clk 00:02:50]} {[%emt 00:06:38]} Nxf2 {[%clk 00:08:54]} {[%emt 00:00:27]}
21. Kxf2 {[%clk 00:03:19]} {[%emt 00:00:01]} Rd8 {[%clk 00:08:08]} {[%emt
00:01:15]} 22. Ne3 {[%clk 00:02:27]} {[%emt 00:01:23]} Bxb3 {[%clk 00:08:27]}
{[%emt 00:00:11]} 23. axb3 {[%clk 00:02:43]} {[%emt 00:00:14]} Nxd4 {[%clk
00:07:32]} {[%emt 00:01:25]} 24. cxd4 {[%clk 00:03:04]} {[%emt 00:00:10]} Rxd4
{[%clk 00:07:38]} {[%emt 00:00:23]} 25. Kf3 {[%clk 00:03:18]} {[%emt 00:00:16]}
g6 {[%clk 00:05:18]} {[%emt 00:02:49]} 26. Rxd4 {[%clk 00:01:25]} {[%emt
00:02:24]} Bxd4 {[%clk 00:05:44]} {[%emt 00:00:04]} 27. Ke4 {[%clk 00:01:21]}
{[%emt 00:00:34]} Bxb2 {[%clk 00:05:54]} {[%emt 00:00:19]} 28. Nc4 {[%clk
00:00:37]} {[%emt 00:01:15]} Bc1 {[%clk 00:04:35]} {[%emt 00:01:48]} 29. Nd6
{[%clk 00:00:32]} {[%emt 00:00:35]} b5 {[%clk 00:03:59]} {[%emt 00:01:05]} 30.
Nb7 {[%clk 00:00:42]} {[%emt 00:00:20]} Kg7 {[%clk 00:03:22]} {[%emt 00:01:07]}
31. g3 {[%clk 00:00:38]} {[%emt 00:00:34]} f5+ {[%clk 00:02:36]} {[%emt
00:01:17]} 32. Kd5 {[%clk 00:01:03]} {[%emt 00:00:06]} h5 {[%clk 00:01:25]}
{[%emt 00:01:40]} 33. h4 {[%clk 00:00:34]} {[%emt 00:00:59]} Be3 {[%clk
00:01:19]} {[%emt 00:00:35]} 34. Nc5 {[%clk 00:00:40]} {[%emt 00:00:24]} Bf2
{[%clk 00:00:47]} {[%emt 00:01:02]} 35. Nxa6 {[%clk 00:00:46]} {[%emt
00:00:24]} Bxg3 {[%clk 00:01:14]} {[%emt 00:00:04]} 36. Nc7 {[%clk 00:00:46]}
{[%emt 00:00:30]} Bxh4 {[%clk 00:01:22]} {[%emt 00:00:22]} 37. Nxb5 {[%clk
00:00:56]} {[%emt 00:00:21]} Bg3 {[%clk 00:01:08]} {[%emt 00:00:44]} 38. Nd4
{[%clk 00:00:54]} {[%emt 00:00:32]} h4 {[%clk 00:01:01]} {[%emt 00:00:36]} 39.
Ne2 {[%clk 00:00:39]} {[%emt 00:00:45]} Bf2 {[%clk 00:01:16]} {[%emt 00:00:15]}
40. b4 {[%clk 00:00:34]} {[%emt 00:00:35]} h3 {[%clk 00:01:32]} {[%emt
00:00:14]} 0-1

[Event "European Chess Club Cup 2023"]
[Site "Durres, Albania"]
[Date "2023.10.01"]
[Round "1.7"]
[White "Lopez, Jasel"]
[Black "Sadhwani, Raunak"]
[Result "1/2-1/2"]
[TimeControl "90' + 30' & 30\""]
[WhiteElo "2383"]
[BlackElo "2641"]

1. d4 {[%clk 01:30:49]} {[%emt 00:00:10]} Nf6 {[%clk 01:30:55]} {[%emt
00:00:05]} 2. c4 {[%clk 01:31:13]} {[%emt 00:00:06]} e6 {[%clk 01:31:14]}
{[%emt 00:00:11]} 3. Nf3 {[%clk 01:31:26]} {[%emt 00:00:19]} b6 {[%clk
01:31:38]} {[%emt 00:00:04]} 4. a3 {[%clk 01:31:43]} {[%emt 00:00:14]} Bb7
{[%clk 01:31:56]} {[%emt 00:00:12]} 5. Nc3 {[%clk 01:31:43]} {[%emt 00:00:29]}
d5 {[%clk 01:32:22]} {[%emt 00:00:04]} 6. cxd5 {[%clk 01:31:51]} {[%emt
00:00:25]} exd5 {[%clk 01:30:32]} {[%emt 00:02:19]} 7. g3 {[%clk 01:30:10]}
{[%emt 00:02:10]} Be7 {[%clk 01:30:06]} {[%emt 00:00:55]} 8. Bg2 {[%clk
01:30:32]} {[%emt 00:00:09]} O-O {[%clk 01:30:20]} {[%emt 00:00:16]} 9. O-O
{[%clk 01:25:56]} {[%emt 00:05:06]} Re8 {[%clk 01:30:30]} {[%emt 00:00:19]} 10.
Bf4 {[%clk 01:23:03]} {[%emt 00:03:23]} Nh5 {[%clk 01:30:15]} {[%emt 00:00:45]}
11. Ne5 {[%clk 01:17:50]} {[%emt 00:05:43]} Nxf4 {[%clk 01:21:37]} {[%emt
00:09:09]} 12. gxf4 {[%clk 01:17:54]} {[%emt 00:00:26]} c6 {[%clk 01:22:01]}
{[%emt 00:00:06]} 13. b4 {[%clk 01:14:21]} {[%emt 00:04:04]} a6 {[%clk
01:19:58]} {[%emt 00:02:32]} 14. Qb3 {[%clk 01:11:32]} {[%emt 00:03:19]} Nd7
{[%clk 01:19:30]} {[%emt 00:00:58]} 15. Rad1 {[%clk 01:05:56]} {[%emt
00:06:06]} b5 {[%clk 01:18:41]} {[%emt 00:01:19]} 16. Ne4 {[%clk 00:45:46]}
{[%emt 00:20:40]} Bf8 {[%clk 01:03:38]} {[%emt 00:15:33]} 17. Ng3 {[%clk
00:41:05]} {[%emt 00:05:11]} Nb6 {[%clk 01:03:40]} {[%emt 00:00:28]} 18. e4
{[%clk 00:31:33]} {[%emt 00:10:02]} a5 {[%clk 01:01:16]} {[%emt 00:02:55]} 19.
Nd3 {[%clk 00:30:45]} {[%emt 00:01:18]} Bc8 {[%clk 00:56:35]} {[%emt 00:05:10]}
20. e5 {[%clk 00:25:47]} {[%emt 00:05:29]} h5 {[%clk 00:55:16]} {[%emt
00:01:49]} 21. Bf3 {[%clk 00:22:34]} {[%emt 00:03:42]} h4 {[%clk 00:54:34]}
{[%emt 00:01:12]} 22. Nh5 {[%clk 00:21:45]} {[%emt 00:01:19]} Be7 {[%clk
00:54:44]} {[%emt 00:00:21]} 23. Kh1 {[%clk 00:21:38]} {[%emt 00:00:37]} g6
{[%clk 00:54:54]} {[%emt 00:00:19]} 24. Rg1 {[%clk 00:21:45]} {[%emt 00:00:23]}
Kh8 {[%clk 00:55:14]} {[%emt 00:00:10]} 25. e6 {[%clk 00:21:31]} {[%emt
00:00:45]} Bxe6 {[%clk 00:52:53]} {[%emt 00:02:51]} 26. Ne5 {[%clk 00:19:29]}
{[%emt 00:02:32]} Rf8 {[%clk 00:40:06]} {[%emt 00:13:17]} 27. f5 {[%clk
00:19:33]} {[%emt 00:00:25]} Bxf5 {[%clk 00:36:12]} {[%emt 00:04:25]} 28. Qe3
{[%clk 00:19:42]} {[%emt 00:00:21]} Bf6 {[%clk 00:33:41]} {[%emt 00:03:01]} 29.
Qh6+ {[%clk 00:14:15]} {[%emt 00:05:57]} Kg8 {[%clk 00:34:10]} 30. Nxg6 {[%clk
00:13:22]} {[%emt 00:01:23]} fxg6 {[%clk 00:34:34]} {[%emt 00:00:06]} 31. Rxg6+
{[%clk 00:13:47]} {[%emt 00:00:05]} Bxg6 {[%clk 00:35:01]} {[%emt 00:00:03]} 32.
Qxg6+ {[%clk 00:14:09]} {[%emt 00:00:08]} Kh8 {[%clk 00:35:30]} 33. Qh6+ {[%clk
00:06:39]} {[%emt 00:08:00]} Kg8 {[%clk 00:35:58]} 34. Qg6+ {[%clk 00:02:02]}
{[%emt 00:05:07]} Kh8 {[%clk 00:36:28]} {[%emt 00:00:02]} 35. Qh6+ {[%clk
00:02:22]} {[%emt 00:00:09]} Kg8 {[%clk 00:36:57]} 36. Qg6+ {[%clk 00:02:44]}
{[%emt 00:00:06]} 1/2-1/2

[Event "European Chess Club Cup 2023"]
[Site "Durres, Albania"]
[Date "2023.10.01"]
[Round "1.8"]
[White "Tari, Aryan"]
[Black "Duijn, Richard"]
[Result "1-0"]
[TimeControl "90' + 30' & 30\""]
[WhiteElo "2619"]
[BlackElo "2214"]

1. c4 {[%clk 01:30:55]} {[%emt 00:00:05]} b6 {[%clk 01:30:08]} {[%emt
00:00:51]} 2. e4 {[%clk 01:30:44]} {[%emt 00:00:41]} Bb7 {[%clk 01:29:41]}
{[%emt 00:00:57]} 3. Nc3 {[%clk 01:30:59]} {[%emt 00:00:15]} e5 {[%clk
01:29:30]} {[%emt 00:00:41]} 4. a3 {[%clk 01:30:44]} {[%emt 00:00:46]} a5
{[%clk 01:27:34]} {[%emt 00:02:26]} 5. d3 {[%clk 01:30:15]} {[%emt 00:00:59]}
Bc5 {[%clk 01:26:58]} {[%emt 00:01:05]} 6. Nge2 {[%clk 01:24:16]} {[%emt
00:06:30]} Nc6 {[%clk 01:21:55]} {[%emt 00:05:32]} 7. f4 {[%clk 01:20:51]}
{[%emt 00:03:56]} d6 {[%clk 01:19:21]} {[%emt 00:03:04]} 8. Na4 {[%clk
01:17:28]} {[%emt 00:03:53]} Nge7 {[%clk 01:16:10]} {[%emt 00:03:41]} 9. f5
{[%clk 01:04:50]} {[%emt 00:13:08]} g6 {[%clk 01:09:15]} {[%emt 00:07:25]} 10.
Ng3 {[%clk 00:48:14]} {[%emt 00:17:06]} Bc8 {[%clk 00:59:09]} {[%emt 00:10:36]}
11. Bh6 {[%clk 00:45:25]} {[%emt 00:03:19]} Nd4 {[%clk 00:52:03]} {[%emt
00:07:35]} 12. Nc3 {[%clk 00:38:35]} {[%emt 00:07:21]} Rg8 {[%clk 00:46:56]}
{[%emt 00:05:44]} 13. h4 {[%clk 00:31:52]} {[%emt 00:07:06]} Bb7 {[%clk
00:42:56]} {[%emt 00:04:30]} 14. Be2 {[%clk 00:27:05]} {[%emt 00:05:17]} Nxe2
{[%clk 00:39:34]} {[%emt 00:03:51]} 15. Qxe2 {[%clk 00:27:25]} {[%emt
00:00:11]} Qd7 {[%clk 00:38:49]} {[%emt 00:01:15]} 16. Bg5 {[%clk 00:23:53]}
{[%emt 00:04:02]} O-O-O {[%clk 00:33:15]} {[%emt 00:06:04]} 17. O-O-O {[%clk
00:24:08]} {[%emt 00:00:15]} Rde8 {[%clk 00:28:34]} {[%emt 00:05:12]} 18. Qe1
{[%clk 00:20:31]} {[%emt 00:04:07]} Bd4 {[%emt 00:03:23]} 19. Nb5 {[%clk
00:19:16]} {[%emt 00:01:43]} Nc6 {[%clk 00:23:41]} {[%emt 00:02:31]} 20. Qd2
{[%clk 00:17:11]} {[%emt 00:02:35]} Bc5 {[%clk 00:19:33]} {[%emt 00:04:38]} 21.
h5 {[%clk 00:17:24]} {[%emt 00:00:17]} Ba6 {[%clk 00:19:01]} {[%emt 00:01:02]}
22. hxg6 {[%clk 00:12:21]} {[%emt 00:05:34]} hxg6 {[%clk 00:18:57]} {[%emt
00:00:34]} 23. Nc3 {[%clk 00:10:42]} {[%emt 00:02:09]} Nd4 {[%clk 00:18:38]}
{[%emt 00:00:48]} 24. Kb1 {[%clk 00:11:07]} {[%emt 00:00:06]} Bb7 {[%clk
00:16:27]} {[%emt 00:02:41]} 25. Rdf1 {[%clk 00:09:33]} {[%emt 00:02:05]} gxf5
{[%clk 00:14:57]} {[%emt 00:02:00]} 26. Nxf5 {[%clk 00:08:12]} {[%emt
00:01:50]} Nb3 {[%clk 00:13:15]} {[%emt 00:02:13]} 27. Qc2 {[%clk 00:08:40]}
Nd4 {[%clk 00:11:40]} {[%emt 00:02:05]} 28. Qd2 {[%clk 00:08:48]} {[%emt
00:00:22]} Nb3 {[%clk 00:12:00]} {[%emt 00:00:10]} 29. Qd1 {[%clk 00:09:17]} a4
{[%clk 00:11:54]} {[%emt 00:00:36]} 30. Rh5 {[%clk 00:08:05]} {[%emt 00:01:42]}
f6 {[%clk 00:10:59]} {[%emt 00:01:25]} 31. Bxf6 {[%clk 00:08:31]} {[%emt
00:00:04]} Rxg2 {[%clk 00:11:05]} {[%emt 00:00:25]} 32. Ka2 {[%clk 00:07:36]}
{[%emt 00:01:25]} Bc6 {[%clk 00:06:50]} {[%emt 00:04:44]} 33. Rfh1 {[%clk
00:06:36]} {[%emt 00:01:31]} Qf7 {[%clk 00:06:21]} {[%emt 00:00:59]} 34. Bg5
{[%clk 00:05:23]} {[%emt 00:01:42]} Bd4 {[%clk 00:05:26]} {[%emt 00:01:24]} 35.
Qe1 {[%clk 00:04:30]} {[%emt 00:01:24]} Kb8 {[%clk 00:04:19]} {[%emt 00:01:37]}
36. Rh7 {[%clk 00:04:29]} {[%emt 00:00:31]} Qg6 {[%clk 00:04:06]} {[%emt
00:00:44]} 37. Rg7 {[%clk 00:04:43]} {[%emt 00:00:15]} Qxg5 {[%clk 00:02:39]}
{[%emt 00:01:58]} 38. Rxg5 {[%clk 00:05:08]} {[%emt 00:00:04]} Rxg5 {[%clk
00:03:06]} {[%emt 00:00:03]} 39. Nxd4 {[%clk 00:03:37]} {[%emt 00:02:01]} exd4
{[%clk 00:01:39]} {[%emt 00:01:57]} 40. Ne2 {[%clk 00:03:19]} {[%emt 00:00:47]}
Reg8 {[%clk 00:00:41]} {[%emt 00:01:28]} 41. Nf4 {[%clk 00:02:54]} {[%emt
00:00:55]} Rg3 {[%clk 00:29:13]} {[%emt 00:01:58]} 42. Qf2 {[%clk 00:31:08]}
{[%emt 00:02:16]} Bd7 {[%clk 00:24:14]} {[%emt 00:05:29]} 43. Nd5 {[%clk
00:25:54]} {[%emt 00:05:45]} Rg2 {[%clk 00:22:19]} {[%emt 00:02:25]} 44. Qf1
{[%clk 00:25:17]} {[%emt 00:01:06]} Kb7 {[%clk 00:07:49]} {[%emt 00:15:00]} 45.
Nf6 {[%clk 00:23:55]} {[%emt 00:01:52]} Nd2 {[%clk 00:05:06]} {[%emt 00:03:14]}
46. Qd1 {[%clk 00:23:31]} {[%emt 00:00:54]} Bg4 {[%clk 00:04:51]} {[%emt
00:00:45]} 47. Nxg4 {[%clk 00:22:30]} {[%emt 00:01:30]} R8xg4 {[%clk 00:05:04]}
{[%emt 00:00:17]} 48. Qxa4 {[%clk 00:22:50]} {[%emt 00:00:10]} 1-0

[Event "European Chess Club Cup 2023"]
[Site "Durres, Albania"]
[Date "2023.10.01"]
[Round "1.9"]
[White "De Graaf, Dick"]
[Black "Pranav, V"]
[Result "0-1"]
[TimeControl "90' + 30' & 30\""]
[WhiteElo "2071"]
[BlackElo "2579"]

1. e4 {[%clk 01:30:57]} {[%emt 00:00:02]} c5 {[%clk 01:29:49]} {[%emt
00:01:11]} 2. d4 {[%clk 01:30:52]} {[%emt 00:00:37]} cxd4 {[%clk 01:29:49]}
{[%emt 00:00:29]} 3. c3 {[%clk 01:31:16]} {[%emt 00:00:07]} dxc3 {[%clk
01:27:52]} {[%emt 00:02:27]} 4. Nxc3 {[%clk 01:31:26]} {[%emt 00:00:19]} Nc6
{[%clk 01:28:06]} {[%emt 00:00:18]} 5. Nf3 {[%clk 01:31:37]} {[%emt 00:00:16]}
d6 {[%clk 01:27:17]} {[%emt 00:01:19]} 6. Bc4 {[%clk 01:32:01]} {[%emt
00:00:07]} e6 {[%clk 01:27:02]} {[%emt 00:00:45]} 7. O-O {[%clk 01:32:21]}
{[%emt 00:00:10]} Nge7 {[%clk 01:21:02]} {[%emt 00:06:30]} 8. Qe2 {[%clk
01:32:25]} {[%emt 00:00:25]} Ng6 {[%clk 01:20:36]} {[%emt 00:00:57]} 9. Rd1
{[%clk 01:32:10]} {[%emt 00:00:45]} Be7 {[%clk 01:20:17]} {[%emt 00:00:48]} 10.
Be3 {[%clk 01:31:19]} {[%emt 00:01:21]} O-O {[%clk 01:19:46]} {[%emt 00:01:02]}
11. Rac1 {[%clk 01:31:39]} {[%emt 00:00:10]} a6 {[%clk 01:18:17]} {[%emt
00:01:59]} 12. a4 {[%clk 01:24:36]} {[%emt 00:07:33]} Bd7 {[%clk 01:17:23]}
{[%emt 00:01:24]} 13. Nd4 {[%clk 01:13:22]} {[%emt 00:11:44]} Nxd4 {[%clk
01:13:16]} {[%emt 00:04:37]} 14. Bxd4 {[%clk 01:10:03]} {[%emt 00:03:49]} Rc8
{[%clk 01:13:13]} {[%emt 00:00:33]} 15. g3 {[%clk 01:05:58]} {[%emt 00:04:35]}
Qa5 {[%clk 01:05:33]} {[%emt 00:08:10]} 16. f4 {[%clk 00:40:14]} {[%emt
00:26:13]} Rfe8 {[%clk 01:02:43]} {[%emt 00:03:20]} 17. b3 {[%clk 00:30:36]}
{[%emt 00:10:09]} Bc6 {[%clk 00:56:43]} {[%emt 00:06:30]} 18. f5 {[%clk
00:28:44]} {[%emt 00:02:22]} exf5 {[%clk 00:54:39]} {[%emt 00:02:34]} 19. Qh5
{[%clk 00:29:02]} {[%emt 00:00:11]} Bd8 {[%clk 00:45:13]} {[%emt 00:09:57]} 20.
exf5 {[%clk 00:23:27]} {[%emt 00:06:06]} Ne5 {[%clk 00:45:12]} {[%emt
00:00:30]} 21. Bxe5 {[%clk 00:04:24]} {[%emt 00:19:32]} Qxe5 {[%clk 00:45:33]}
{[%emt 00:00:10]} 22. Qxf7+ {[%clk 00:00:58]} {[%emt 00:03:57]} Kh8 {[%clk
00:46:01]} {[%emt 00:00:02]} 23. Nd5 {[%clk 00:01:03]} {[%emt 00:00:24]} Bb6+
{[%clk 00:45:18]} {[%emt 00:01:13]} 24. Kg2 {[%clk 00:01:18]} {[%emt 00:00:15]}
Re7 {[%clk 00:44:54]} {[%emt 00:00:54]} 25. Qh5 {[%clk 00:01:21]} {[%emt
00:00:28]} Bxd5+ {[%clk 00:45:04]} {[%emt 00:00:19]} 26. Rxd5 {[%clk 00:01:09]}
{[%emt 00:00:42]} Qb2+ {[%clk 00:45:28]} {[%emt 00:00:06]} 27. Kh3 {[%clk
00:01:24]} {[%emt 00:00:15]} Qxc1 {[%clk 00:45:51]} {[%emt 00:00:07]} 28. Rxd6
{[%clk 00:00:40]} {[%emt 00:01:14]} Rxc4 {[%clk 00:45:48]} {[%emt 00:00:33]} 29.
bxc4 {[%clk 00:00:33]} {[%emt 00:00:38]} Qf1+ {[%clk 00:46:11]} {[%emt
00:00:07]} 30. Kh4 {[%clk 00:00:55]} {[%emt 00:00:07]} Re4+ {[%clk 00:46:34]}
{[%emt 00:00:07]} 31. g4 {[%clk 00:00:34]} {[%emt 00:00:51]} Qf2+ {[%clk
00:46:59]} {[%emt 00:00:04]} 32. Kg5 {[%clk 00:00:56]} {[%emt 00:00:08]} Be3#
{[%clk 00:47:23]} {[%emt 00:00:06]} 0-1

[Event "European Chess Club Cup 2023"]
[Site "Durres, Albania"]
[Date "2023.10.01"]
[Round "1.10"]
[White "Christiansen, Johan-Sebastian"]
[Black "Duijn, Rob"]
[Result "1-0"]
[TimeControl "90' + 30' & 30\""]
[WhiteElo "2606"]
[BlackElo "2187"]

1. e4 {[%clk 01:30:55]} {[%emt 00:00:05]} c6 {[%clk 01:30:31]} {[%emt
00:00:29]} 2. d4 {[%clk 01:31:04]} {[%emt 00:00:22]} d5 {[%clk 01:30:30]}
{[%emt 00:00:29]} 3. e5 {[%clk 01:30:42]} {[%emt 00:00:52]} Bf5 {[%clk
01:30:21]} {[%emt 00:00:38]} 4. h4 {[%clk 01:30:20]} {[%emt 00:00:53]} h5
{[%clk 01:29:40]} {[%emt 00:01:11]} 5. Bg5 {[%clk 01:30:05]} {[%emt 00:00:45]}
Qb6 {[%clk 01:28:36]} {[%emt 00:01:34]} 6. Bd3 {[%clk 01:29:49]} {[%emt
00:00:47]} Bxd3 {[%clk 01:28:20]} {[%emt 00:00:45]} 7. Qxd3 {[%clk 01:30:10]}
{[%emt 00:00:09]} e6 {[%clk 01:22:26]} {[%emt 00:06:24]} 8. Nd2 {[%clk
01:30:31]} {[%emt 00:00:10]} Ne7 {[%clk 01:22:24]} {[%emt 00:00:32]} 9. c4
{[%clk 01:26:55]} {[%emt 00:04:06]} Nf5 {[%clk 01:21:26]} {[%emt 00:01:27]} 10.
Ne2 {[%clk 01:27:18]} {[%emt 00:00:08]} Bb4 {[%clk 01:18:59]} {[%emt 00:02:56]}
11. b3 {[%clk 01:27:28]} {[%emt 00:00:20]} Qa6 {[%clk 01:16:48]} {[%emt
00:02:41]} 12. O-O {[%clk 01:20:52]} {[%emt 00:07:06]} Bxd2 {[%clk 01:13:09]}
{[%emt 00:04:10]} 13. Qxd2 {[%clk 01:21:15]} {[%emt 00:00:06]} dxc4 {[%clk
01:13:06]} {[%emt 00:00:33]} 14. Ng3 {[%clk 01:13:11]} {[%emt 00:08:35]} Nxg3
{[%clk 01:07:00]} {[%emt 00:06:36]} 15. fxg3 {[%clk 01:13:38]} {[%emt
00:00:03]} Nd7 {[%clk 01:06:55]} {[%emt 00:00:35]} 16. bxc4 {[%clk 01:04:51]}
{[%emt 00:09:17]} Qxc4 {[%clk 01:05:04]} {[%emt 00:02:21]} 17. Rac1 {[%clk
01:01:17]} {[%emt 00:04:04]} Qa4 {[%emt 00:09:19]} 18. Rf4 {[%clk 00:58:27]}
Qb5 {[%clk 00:50:49]} {[%emt 00:09:16]} 19. Qf2 {[%clk 00:45:26]} {[%emt
00:13:29]} f5 {[%clk 00:42:15]} {[%emt 00:09:06]} 20. exf6 {[%clk 00:44:24]}
{[%emt 00:01:32]} gxf6 {[%clk 00:42:36]} {[%emt 00:00:09]} 21. Rxf6 {[%clk
00:41:19]} {[%emt 00:03:35]} O-O-O {[%clk 00:37:39]} {[%emt 00:05:27]} 22. Rxe6
{[%clk 00:41:18]} {[%emt 00:00:30]} Rdf8 {[%clk 00:34:36]} {[%emt 00:03:33]} 23.
Bf4 {[%clk 00:38:47]} {[%emt 00:03:02]} Nf6 {[%clk 00:21:22]} {[%emt 00:13:44]}
24. Qe3 {[%clk 00:28:27]} {[%emt 00:10:49]} Nd5 {[%clk 00:10:08]} {[%emt
00:11:44]} 25. Qe5 {[%clk 00:26:55]} {[%emt 00:02:01]} Nxf4 {[%clk 00:10:33]}
{[%emt 00:00:06]} 26. Qxb5 {[%clk 00:26:40]} {[%emt 00:00:44]} Nxe6 {[%clk
00:10:59]} {[%emt 00:00:05]} 27. Qe5 {[%clk 00:23:57]} {[%emt 00:03:14]} Nc7
{[%clk 00:10:42]} {[%emt 00:00:47]} 28. d5 {[%clk 00:24:16]} {[%emt 00:00:11]}
Rh6 {[%clk 00:09:57]} {[%emt 00:01:15]} 29. Qg7 {[%clk 00:19:44]} {[%emt
00:05:01]} Rhf6 {[%clk 00:10:09]} {[%emt 00:00:18]} 30. dxc6 {[%clk 00:19:55]}
{[%emt 00:00:19]} bxc6 {[%clk 00:10:34]} {[%emt 00:00:05]} 31. Rxc6 {[%clk
00:20:10]} {[%emt 00:00:16]} Rxc6 {[%clk 00:10:57]} {[%emt 00:00:06]} 32. Qxf8+
{[%clk 00:20:36]} {[%emt 00:00:04]} Kb7 {[%clk 00:11:22]} {[%emt 00:00:06]} 33.
Qf3 {[%clk 00:20:58]} {[%emt 00:00:07]} 1-0

[Event "European Chess Club Cup 2023"]
[Site "Durres, Albania"]
[Date "2023.10.01"]
[Round "1.12"]
[White "Haldorsen, Benjamin"]
[Black "Hendrikse, Ad"]
[Result "1-0"]
[TimeControl "90' + 30' & 30\""]
[WhiteElo "2454"]
[BlackElo "1884"]

1. e4 {[%clk 01:30:51]} {[%emt 00:00:09]} e5 {[%clk 01:30:14]} {[%emt
00:00:48]} 2. Nf3 {[%clk 01:30:35]} {[%emt 00:00:44]} Nc6 {[%clk 01:30:10]}
{[%emt 00:00:36]} 3. Bb5 {[%clk 01:30:13]} {[%emt 00:00:52]} a6 {[%clk
01:29:48]} {[%emt 00:00:52]} 4. Ba4 {[%clk 01:30:08]} {[%emt 00:00:34]} Nf6
{[%clk 01:28:09]} {[%emt 00:02:09]} 5. d3 {[%clk 01:28:15]} {[%emt 00:02:22]}
d6 {[%clk 01:26:50]} {[%emt 00:01:49]} 6. c3 {[%clk 01:27:00]} {[%emt
00:01:46]} Be7 {[%clk 01:25:27]} {[%emt 00:01:53]} 7. O-O {[%clk 01:26:23]}
{[%emt 00:01:08]} O-O {[%clk 01:24:22]} {[%emt 00:01:34]} 8. Re1 {[%clk
01:26:31]} {[%emt 00:00:22]} b5 {[%clk 01:20:23]} {[%emt 00:04:28]} 9. Bc2
{[%clk 01:25:17]} {[%emt 00:01:44]} Bg4 {[%clk 01:15:08]} {[%emt 00:05:46]} 10.
h3 {[%clk 01:23:36]} {[%emt 00:02:11]} Bh5 {[%clk 01:10:07]} {[%emt 00:05:31]}
11. Nbd2 {[%clk 01:16:13]} {[%emt 00:07:52]} Qd7 {[%clk 01:06:31]} {[%emt
00:04:07]} 12. Nf1 {[%clk 01:10:58]} {[%emt 00:05:46]} Rfd8 {[%clk 00:59:40]}
{[%emt 00:07:20]} 13. Ng3 {[%clk 01:03:00]} {[%emt 00:08:28]} Bg6 {[%clk
00:55:29]} {[%emt 00:04:42]} 14. Nh4 {[%clk 01:02:05]} {[%emt 00:01:24]} d5
{[%clk 00:51:45]} {[%emt 00:04:14]} 15. Qf3 {[%clk 01:01:26]} {[%emt 00:01:09]}
dxe4 {[%clk 00:43:53]} {[%emt 00:08:23]} 16. dxe4 {[%clk 01:01:04]} {[%emt
00:00:52]} Na5 {[%clk 00:43:43]} {[%emt 00:00:40]} 17. Nhf5 {[%clk 00:55:38]}
{[%emt 00:05:56]} c5 {[%clk 00:37:38]} {[%emt 00:06:35]} 18. h4 {[%clk
00:44:14]} {[%emt 00:11:54]} Bxf5 {[%clk 00:34:03]} {[%emt 00:04:05]} 19. Nxf5
{[%clk 00:44:27]} {[%emt 00:00:17]} g6 {[%clk 00:26:35]} {[%emt 00:07:57]} 20.
Nxe7+ {[%clk 00:24:11]} {[%emt 00:20:46]} Qxe7 {[%clk 00:26:48]} {[%emt
00:00:17]} 21. Bg5 {[%clk 00:24:18]} {[%emt 00:00:23]} Kg7 {[%clk 00:20:28]}
{[%emt 00:06:51]} 22. Rad1 {[%clk 00:24:39]} {[%emt 00:00:08]} h6 {[%clk
00:20:33]} {[%emt 00:00:26]} 23. Bc1 {[%clk 00:25:00]} {[%emt 00:00:09]} Nb7
{[%clk 00:16:02]} {[%emt 00:05:01]} 24. g3 {[%clk 00:24:25]} {[%emt 00:01:05]}
Rxd1 {[%clk 00:11:32]} {[%emt 00:05:00]} 25. Rxd1 {[%clk 00:24:46]} {[%emt
00:00:08]} Rd8 {[%clk 00:11:51]} {[%emt 00:00:11]} 26. Rxd8 {[%clk 00:20:16]}
{[%emt 00:05:01]} Qxd8 {[%clk 00:12:12]} {[%emt 00:00:08]} 27. Kg2 {[%clk
00:19:44]} {[%emt 00:01:03]} c4 {[%clk 00:06:01]} {[%emt 00:06:41]} 28. Qe3
{[%clk 00:18:39]} {[%emt 00:01:35]} Ng4 {[%clk 00:05:49]} {[%emt 00:00:42]} 29.
Qa7 {[%clk 00:18:30]} {[%emt 00:00:39]} Qd7 {[%clk 00:05:00]} {[%emt 00:01:19]}
30. f3 {[%clk 00:13:23]} {[%emt 00:05:36]} Nf6 {[%clk 00:04:54]} {[%emt
00:00:37]} 31. Qxa6 {[%clk 00:08:12]} {[%emt 00:05:41]} Nc5 {[%clk 00:03:02]}
{[%emt 00:02:22]} 32. Bxh6+ {[%clk 00:05:51]} {[%emt 00:02:51]} Kxh6 {[%clk
00:03:30]} {[%emt 00:00:02]} 33. Qxf6 {[%clk 00:06:15]} {[%emt 00:00:06]} Qd2+
{[%clk 00:03:47]} {[%emt 00:00:13]} 34. Kh3 {[%clk 00:06:38]} {[%emt 00:00:07]}
Qxc2 {[%clk 00:03:57]} {[%emt 00:00:19]} 35. Qh8# {[%clk 00:06:29]} {[%emt
00:00:08]} 1-0